The amazing days of abby hayes (Record no. 137449)

000 -LEADER
fixed length control field 00310nam a2200121Ia 4500
008 - FIXED-LENGTH DATA ELEMENTS--GENERAL INFORMATION
fixed length control field 220120s9999||||xx |||||||||||||| ||und||
082 ## - DEWEY DECIMAL CLASSIFICATION NUMBER
Classification number 823 MAZ
100 ## - MAIN ENTRY--PERSONAL NAME
Personal name Mazer, Anne
245 #4 - TITLE STATEMENT
Title The amazing days of abby hayes
260 ## - PUBLICATION, DISTRIBUTION, ETC.
Place of publication, distribution, etc. Scholastic INC
Name of publisher, distributor, etc. New Delhi
Date of publication, distribution, etc. 2008
300 ## - PHYSICAL DESCRIPTION
Extent 92p.
Other physical details 15
650 ## - SUBJECT ADDED ENTRY--TOPICAL TERM
Topical term or geographic name entry element MATHEMATICS
Holdings
Withdrawn status Lost status Damaged status Not for loan Collection code Home library Current library Date acquired Full call number Barcode Date last seen Price effective from Koha item type
        Humanity Science Central Library Central Library 01/20/2022 823 MAZ GF1308 01/20/2022 01/20/2022 Gift Books

Powered by Koha